00540nam a2200193 a 4500001001000000003000500010005001700015008004100032010001100073011001100084020001800095040000900113082001700122100002100139245005800160260005700218300004000275650003100315000111130CHAP20220329144159.0141205s2013 enka |r| ||||||eng d a107592 a108564 a9781842657539 cCHAP04a547.122bA281 aAhluwalia, V. K.10aGreen chemistry :ba textbook /cpor V. K. Ahluwalia. aOxford, U. K. :bAlpha Science International,c2013. axxii, [520] p. en varias páginas.14aQuímicaxMedio ambiente.